Open economy and the world economy: A textbook in international economics (Record no. 37038)

MARC details
000 -LEADER
fixed length control field 00447nam a2200157Ia 4500
082 ## - DEWEY DECIMAL CLASSIFICATION NUMBER
Classification number 339.9
Item number WIL
100 ## - MAIN ENTRY--AUTHOR NAME
Personal name WILLIAMSON, John
245 #0 - TITLE STATEMENT
Title Open economy and the world economy: A textbook in international economics
260 ## - PUBLICATION, DISTRIBUTION, ETC. (IMPRINT)
Place of publication New York
Name of publisher Basic
Year of publication 1983
650 ## - SUBJECT ADDED ENTRY--TOPICAL TERM
Topical Term International economics
650 ## - SUBJECT ADDED ENTRY--TOPICAL TERM
Topical Term Macroeconomics
650 ## - SUBJECT ADDED ENTRY--TOPICAL TERM
Topical Term Microeconomics
650 ## - SUBJECT ADDED ENTRY--TOPICAL TERM
Topical Term World Economy
942 ## - ADDED ENTRY ELEMENTS (KOHA)
Koha item type Books
Holdings
Withdrawn status Lost status Damaged status Not for loan Home library Current library Date acquired Full call number Accession Number Koha item type
        RRII Library RRII Library 16/12/2021 339.9 WIL 17430 Books